000 00389nam a22001697a 4500
003 MPLRDC
005 20220104114730.0
008 210129b ||||| |||| 00| 0 eng d
082 _a226.6 LMY c.2
100 _a林明裕
245 _a禅机
_c
250 _a初版
260 _a
_b联亚出版社
_c1979
300 _b
650 _a佛教宗派--禅宗
942 _cBK
_o226.6 LMY c.2
999 _c9785
_d9775